[Event "2019 Welsh Chess Championship"]
[Site "Cardiff"]
[Date "2019.04.19"]
[Round "1.1"]
[White "Kett, Tim"]
[Black "Yeo, Gareth"]
[Result "1-0"]
[WhiteElo "2197"]
[BlackElo "1963"]
[PlyCount "47"]
[EventDate "2019.04.19"]
[EventType "swiss"]
[EventRounds "7"]
[EventCountry "WLS"]

1. e4 c5 2. Nc3 Nc6 3. g3 Rb8 4. Bg2 b5 5. d3 e6 6. a3 g6 7. Be3 Nd4 8. b4 Bg7
9. bxc5 Nf3+ 10. Nxf3 Bxc3+ 11. Bd2 Bxa1 12. Qxa1 f6 13. O-O Bb7 14. Nh4 Kf7
15. f4 Ne7 16. Bc3 Nc6 17. d4 Re8 18. f5 gxf5 19. d5 Na5 20. Nxf5 exf5 21. Rxf5
Re7 22. Bxa5 Qxa5 23. Qxf6+ Kg8 24. Rg5+ 1-0

[Event "2019 Welsh Chess Championship"]
[Site "Cardiff"]
[Date "2019.04.19"]
[Round "1.2"]
[White "Fathallah, Joe"]
[Black "Sands, David A"]
[Result "0-1"]
[WhiteElo "1958"]
[BlackElo "2109"]
[PlyCount "98"]
[EventDate "2019.04.19"]
[EventType "swiss"]
[EventRounds "7"]
[EventCountry "WLS"]

1. d4 {[%emt 0:00:04]} d5 {[%emt 0:01:22]} 2. c4 {[%emt 0:00:24]} e6 {[%emt 0:
00:15]} 3. Nc3 {[%emt 0:00:40]} Nf6 {[%emt 0:00:12]} 4. cxd5 {[%emt 0:00:11]}
exd5 {[%emt 0:00:07]} 5. Bg5 {[%emt 0:00:06]} Be7 {[%emt 0:01:22]} 6. e3 {
[%emt 0:00:08]} c6 {[%emt 0:00:07]} 7. Bd3 {[%emt 0:00:09]} Nbd7 {[%emt 0:00:
05]} 8. Qc2 {[%emt 0:00:24]} h6 {[%emt 0:00:16]} 9. Bh4 {[%emt 0:00:23]} Nh5 {
[%emt 0:01:21]} 10. Bxe7 {[%emt 0:03:18]} Qxe7 {[%emt 0:00:09]} 11. Nge2 {
[%emt 0:00:27]} Nb6 {[%emt 0:00:12]} 12. h3 {[%emt 0:11:30]} Be6 {[%emt 0:05:
54]} 13. g4 {[%emt 0:03:44]} Nf6 {[%emt 0:00:08]} 14. Nf4 {[%emt 0:04:52]}
O-O-O {[%emt 0:01:29]} 15. O-O-O {[%emt 0:10:11]} Kb8 {[%emt 0:00:09]} 16. Na4
{[%emt 0:04:07]} Nxa4 {[%emt 0:01:28]} 17. Qxa4 {[%emt 0:00:18]} Bc8 {[%emt 0:
11:11]} 18. Kb1 {[%emt 0:03:21]} g5 {[%emt 0:04:32]} 19. Ne2 {[%emt 0:04:18]}
h5 {[%emt 0:04:40]} 20. gxh5 {[%emt 0:04:48]} Rxh5 {[%emt 0:01:30]} 21. Rdg1 {
[%emt 0:02:15]} Rdh8 {[%emt 0:10:14]} 22. Qc2 {[%emt 0:07:44]} Bxh3 {[%emt 0:
03:58]} 23. Ng3 {[%emt 0:02:03]} R5h6 {[%emt 0:02:01]} 24. Bf5 {[%emt 0:09:16]}
Bxf5 {[%emt 0:06:20]} 25. Qxf5 {[%emt 0:00:08]} Rxh1 {[%emt 0:00:13]} 26. Rxh1
{[%emt 0:00:54]} Rxh1+ {[%emt 0:00:13]} 27. Nxh1 {[%emt 0:00:04]} Qe4+ {
[%emt 0:05:41]} 28. Qxe4 {[%emt 0:00:10]} Nxe4 {[%emt 0:00:04]} 29. Kc2 {
[%emt 0:04:54]} g4 {[%emt 0:25:47]} 30. Kb3 {[%emt 0:05:53]} b6 {[%emt 0:09:15]
} 31. Ka4 {[%emt 0:09:28]} Kb7 {[%emt 0:00:57]} 32. b4 {[%emt 0:02:33]} Ka6 {
[%emt 0:00:35]} 33. Kb3 {[%emt 0:01:13]} Kb5 {[%emt 0:00:24]} 34. a4+ {[%emt 0:
01:12]} Ka6 {[%emt 0:00:04]} 35. Kc2 {[%emt 0:02:57]} Kb7 {[%emt 0:01:33]} 36.
Kb3 {[%emt 0:02:02]} Kc7 {[%emt 0:00:17]} 37. b5 {[%emt 0:01:10]} cxb5 {
[%emt 0:02:09]} 38. axb5 {[%emt 0:00:07]} Kd7 {[%emt 0:00:25]} 39. Kc2 {
[%emt 0:02:08]} Kc7 {[%emt 0:01:34]} 40. Kb3 {[%emt 0:00:31]} Kb7 {[%emt 0:01:
11]} 41. Ka4 {[%emt 0:08:04]} a6 {[%emt 0:01:30]} 42. bxa6+ {[%emt 0:00:16]}
Kxa6 {[%emt 0:00:01]} 43. Kb4 {[%emt 0:00:26]} Kb7 {[%emt 0:01:05]} 44. Ka4 {
[%emt 0:01:03]} Ka6 {[%emt 0:00:58]} 45. Kb4 {[%emt 0:00:07]} b5 {[%emt 0:00:
07]} 46. Ng3 {[%emt 0:01:09]} Nxg3 {[%emt 0:01:11]} 47. fxg3 {[%emt 0:00:05]}
Kb6 {[%emt 0:00:20]} 48. Kc3 {[%emt 0:00:25]} Ka5 {[%emt 0:01:38]} 49. Kd3 {
[%emt 0:00:29]} f5 {[%emt 0:00:41]} 0-1

[Event "2019 Welsh Chess Championship"]
[Site "Cardiff"]
[Date "2019.04.19"]
[Round "1.3"]
[White "Bullen, Alex"]
[Black "Guha, Chirag"]
[Result "1-0"]
[WhiteElo "2100"]
[BlackElo "1941"]
[PlyCount "99"]
[EventDate "2019.04.19"]
[EventType "swiss"]
[EventRounds "7"]
[EventCountry "WLS"]

1. d4 {[%emt 0:00:01]} d5 {[%emt 0:00:16]} 2. Nf3 {[%emt 0:00:06]} Nf6 {
[%emt 0:00:11]} 3. c3 {[%emt 0:00:06]} e6 {[%emt 0:00:46]} 4. Bg5 {[%emt 0:00:
07]} c5 {[%emt 0:01:19]} 5. e3 {[%emt 0:00:06]} Nbd7 {[%emt 0:01:08]} 6. Bd3 {
[%emt 0:00:20]} Be7 {[%emt 0:00:58]} 7. Nbd2 {[%emt 0:00:08]} O-O {[%emt 0:00:
28]} 8. O-O {[%emt 0:00:07]} b6 {[%emt 0:00:15]} 9. Ne5 {[%emt 0:01:02]} Bb7 {
[%emt 0:07:27]} 10. f4 {[%emt 0:00:09]} Ne4 {[%emt 0:12:36]} 11. Bxe7 {[%emt 0:
00:10]} Qxe7 {[%emt 0:00:13]} 12. Rf3 {[%emt 0:10:01]} f6 {[%emt 0:07:35]} 13.
Nxd7 {[%emt 0:01:30]} Qxd7 {[%emt 0:02:16]} 14. Rh3 {[%emt 0:00:11]} Rae8 {
[%emt 0:07:19]} 15. Nf3 {[%emt 0:14:28]} Bc6 {[%emt 0:06:28]} 16. Qe1 {[%emt 0:
05:36]} Qf7 {[%emt 0:08:00]} 17. Qh4 {[%emt 0:03:36]} g6 {[%emt 0:01:07]} 18.
g4 {[%emt 0:05:53]} Bd7 {[%emt 0:06:31]} 19. Rf1 {[%emt 0:07:56]} Qg7 {[%emt 0:
02:32]} 20. Qe1 {[%emt 0:16:43]} e5 {[%emt 0:08:51]} 21. dxe5 {[%emt 0:00:13]}
Bxg4 {[%emt 0:01:22]} 22. exf6 {[%emt 0:02:34]} Rxf6 {[%emt 0:01:51]} 23. Rh4 {
[%emt 0:00:29]} h5 {[%emt 0:02:42]} 24. Bb5 {[%emt 0:06:28]} Rd8 {[%emt 0:02:
42]} 25. Kh1 {[%emt 0:03:23]} g5 {[%emt 0:08:38]} 26. Nxg5 {[%emt 0:02:23]}
Nxg5 {[%emt 0:00:13]} 27. fxg5 {[%emt 0:00:05]} Rxf1+ {[%emt 0:02:31]} 28. Bxf1
{[%emt 0:00:02]} Qxg5 {[%emt 0:00:09]} 29. Qg3 {[%emt 0:00:51]} Re8 {[%emt 0:
01:52]} 30. Rh3 {[%emt 0:05:28]} Re5 {[%emt 0:02:25]} 31. Rh4 {[%emt 0:02:45]}
Rxe3 {[%emt 0:00:15]} 32. Rxh5 {[%emt 0:01:42]} Qxh5 {[%emt 0:04:35]} 33. Qxe3
{[%emt 0:00:09]} Bf3+ {[%emt 0:00:25]} 34. Bg2 {[%emt 0:00:41]} Bxg2+ {[%emt 0:
00:43]} 35. Kxg2 {[%emt 0:00:02]} Qf5 {[%emt 0:00:47]} 36. Qg3+ {[%emt 0:00:44]
} Kf7 {[%emt 0:00:20]} 37. Qf3 {[%emt 0:01:06]} Ke6 {[%emt 0:00:13]} 38. Qxf5+
{[%emt 0:00:26]} Kxf5 {[%emt 0:00:06]} 39. Kf3 {[%emt 0:00:07]} b5 {[%emt 0:00:
12]} 40. b4 {[%emt 0:01:58]} cxb4 {[%emt 0:00:58]} 41. cxb4 {[%emt 0:01:52]} d4
{[%emt 0:01:07]} 42. h4 {[%emt 0:00:23]} a6 {[%emt 0:01:30]} 43. a3 {[%emt 0:
01:01]} d3 {[%emt 0:01:59]} 44. Ke3 {[%emt 0:00:09]} Kg4 {[%emt 0:00:20]} 45.
Kxd3 {[%emt 0:00:08]} Kxh4 {[%emt 0:00:05]} 46. Kd4 {[%emt 0:00:07]} Kg5 {
[%emt 0:00:09]} 47. Kc5 {[%emt 0:00:16]} Kf5 {[%emt 0:00:07]} 48. Kb6 {[%emt 0:
00:05]} Ke5 {[%emt 0:00:13]} 49. Kxa6 {[%emt 0:00:09]} Kd5 {[%emt 0:00:10]} 50.
Kxb5 {[%emt 0:00:09]} 1-0

[Event "2019 Welsh Chess Championship"]
[Site "Cardiff"]
[Date "2019.04.19"]
[Round "1.4"]
[White "Van Kemenade, Rudy"]
[Black "Jameson, David"]
[Result "1/2-1/2"]
[WhiteElo "1925"]
[BlackElo "2081"]
[PlyCount "104"]
[EventDate "2019.04.19"]
[EventType "swiss"]
[EventRounds "7"]
[EventCountry "WLS"]

1. f4 {[%emt 0:00:01]} d5 {[%emt 0:00:04]} 2. Nf3 {[%emt 0:00:06]} g6 {[%emt 0:
00:07]} 3. g3 {[%emt 0:00:04]} Bg7 {[%emt 0:00:03]} 4. Bg2 {[%emt 0:00:06]} Nf6
{[%emt 0:00:06]} 5. d3 {[%emt 0:00:05]} O-O {[%emt 0:00:05]} 6. O-O {[%emt 0:
00:05]} c5 {[%emt 0:00:06]} 7. c3 {[%emt 0:00:09]} Nc6 {[%emt 0:00:06]} 8. Qe1
{[%emt 0:00:05]} d4 {[%emt 0:00:05]} 9. c4 {[%emt 0:00:10]} Ng4 {[%emt 0:10:53]
} 10. h3 {[%emt 0:01:08]} Ne3 {[%emt 0:00:08]} 11. Bxe3 {[%emt 0:00:06]} dxe3 {
[%emt 0:00:03]} 12. Nc3 {[%emt 0:00:09]} Nd4 {[%emt 0:09:41]} 13. Nxd4 {
[%emt 0:00:40]} cxd4 {[%emt 0:02:02]} 14. Ne4 {[%emt 0:00:26]} Qb6 {[%emt 0:12:
14]} 15. Rb1 {[%emt 0:00:11]} Bd7 {[%emt 0:07:27]} 16. g4 {[%emt 0:00:08]} f5 {
[%emt 0:08:41]} 17. gxf5 {[%emt 0:00:06]} Rxf5 {[%emt 0:03:16]} 18. b4 {
[%emt 0:04:15]} Raf8 {[%emt 0:03:59]} 19. Qh4 {[%emt 0:00:08]} Rh5 {[%emt 0:15:
19]} 20. Qxe7 {[%emt 0:02:41]} Bxh3 {[%emt 0:01:14]} 21. Qd6 {[%emt 0:00:29]}
Bxg2 {[%emt 0:04:25]} 22. Kxg2 {[%emt 0:00:08]} Rhf5 {[%emt 0:01:57]} 23. Qxb6
{[%emt 0:00:27]} axb6 {[%emt 0:00:03]} 24. c5 {[%emt 0:01:49]} Rxf4 {[%emt 0:
03:25]} 25. Rxf4 {[%emt 0:00:15]} Rxf4 {[%emt 0:00:04]} 26. Rf1 {[%emt 0:01:32]
} Rxf1 {[%emt 0:02:05]} 27. Kxf1 {[%emt 0:00:06]} Bf8 {[%emt 0:09:51]} 28. a4 {
[%emt 0:01:11]} bxc5 {[%emt 0:01:25]} 29. bxc5 {[%emt 0:00:30]} Be7 {[%emt 0:
01:38]} 30. a5 {[%emt 0:01:40]} Bd8 {[%emt 0:00:07]} 31. c6 {[%emt 0:00:05]}
bxc6 {[%emt 0:00:17]} 32. a6 {[%emt 0:00:05]} Bb6 {[%emt 0:00:05]} 33. Nd6 {
[%emt 0:00:16]} Kg7 {[%emt 0:03:41]} 34. Nc8 {[%emt 0:00:07]} Bc5 {[%emt 0:00:
03]} 35. a7 {[%emt 0:00:07]} Bxa7 {[%emt 0:00:02]} 36. Nxa7 {[%emt 0:00:06]} c5
{[%emt 0:00:25]} 37. Nb5 {[%emt 0:00:06]} Kf6 {[%emt 0:00:38]} 38. Kg2 {
[%emt 0:00:23]} Ke5 {[%emt 0:01:32]} 39. Kf3 {[%emt 0:00:07]} h5 {[%emt 0:00:
20]} 40. Na3 {[%emt 0:00:06]} g5 {[%emt 0:00:37]} 41. Nc4+ {[%emt 0:00:07]} Kd5
{[%emt 0:01:20]} 42. Nb6+ {[%emt 0:01:53]} Ke5 {[%emt 0:06:27]} 43. Nd7+ {
[%emt 0:01:34]} Kd6 {[%emt 0:05:48]} 44. Nf6 {[%emt 0:01:40]} g4+ {[%emt 0:04:
40]} 45. Kg2 {[%emt 0:00:44]} c4 {[%emt 0:06:06]} 46. dxc4 {[%emt 0:00:12]} Kc5
{[%emt 0:00:05]} 47. Nxh5 {[%emt 0:00:16]} Kxc4 {[%emt 0:00:06]} 48. Nf4 {
[%emt 0:00:07]} Kc3 {[%emt 0:00:34]} 49. Kg3 {[%emt 0:02:11]} Kd2 {[%emt 0:00:
14]} 50. Kxg4 {[%emt 0:00:09]} d3 {[%emt 0:00:06]} 51. exd3 {[%emt 0:00:11]} e2
{[%emt 0:00:07]} 52. Nxe2 {[%emt 0:00:07]} Kxd3 {[%emt 0:00:03]} 1/2-1/2

[Event "2019 Welsh Chess Championship"]
[Site "Cardiff"]
[Date "2019.04.19"]
[Round "1.5"]
[White "Brown, Thomas"]
[Black "Jones, Derek"]
[Result "1-0"]
[WhiteElo "2079"]
[BlackElo "1925"]
[PlyCount "83"]
[EventDate "2019.04.19"]
[EventType "swiss"]
[EventRounds "7"]
[EventCountry "WLS"]

1. Nf3 {[%emt 0:00:07]} Nf6 {[%emt 0:16:33]} 2. c4 {[%emt 0:01:29]} c5 {
[%emt 0:00:19]} 3. Nc3 {[%emt 0:00:16]} d5 {[%emt 0:00:39]} 4. cxd5 {[%emt 0:
00:23]} Nxd5 {[%emt 0:00:05]} 5. g3 {[%emt 0:00:08]} g6 {[%emt 0:00:32]} 6. Bg2
{[%emt 0:00:23]} Nc6 {[%emt 0:00:47]} 7. O-O {[%emt 0:00:53]} Bg7 {[%emt 0:00:
49]} 8. d3 {[%emt 0:02:30]} O-O {[%emt 0:01:40]} 9. Nxd5 {[%emt 0:01:14]} Qxd5
{[%emt 0:00:07]} 10. Be3 {[%emt 0:01:29]} Bd7 {[%emt 0:17:11]} 11. Nd4 {
[%emt 0:07:50]} Qh5 {[%emt 0:02:58]} 12. Nxc6 {[%emt 0:00:33]} Bxc6 {[%emt 0:
00:51]} 13. Bxc6 {[%emt 0:00:13]} bxc6 {[%emt 0:00:06]} 14. Rc1 {[%emt 0:00:58]
} Bd4 {[%emt 0:02:23]} 15. Bxd4 {[%emt 0:00:45]} cxd4 {[%emt 0:00:07]} 16. Rxc6
{[%emt 0:03:12]} Rfd8 {[%emt 0:09:23]} 17. Qd2 {[%emt 0:18:12]} Rd5 {[%emt 0:
02:09]} 18. Rfc1 {[%emt 0:16:36]} Re5 {[%emt 0:03:26]} 19. R6c2 {[%emt 0:11:51]
} Qh3 {[%emt 0:02:52]} 20. Rc5 {[%emt 0:07:33]} Re6 {[%emt 0:04:15]} 21. R1c2 {
[%emt 0:00:57]} Kg7 {[%emt 0:01:24]} 22. Rd5 {[%emt 0:01:45]} Ra6 {[%emt 0:11:
33]} 23. a3 {[%emt 0:04:15]} e5 {[%emt 0:02:19]} 24. Rxe5 {[%emt 0:00:45]} Rf6
{[%emt 0:00:11]} 25. e3 {[%emt 0:02:21]} dxe3 {[%emt 0:00:18]} 26. Rxe3 {
[%emt 0:01:45]} Kg8 {[%emt 0:02:34]} 27. Qc3 {[%emt 0:00:28]} Rd6 {[%emt 0:00:
56]} 28. Rce2 {[%emt 0:00:48]} Qd7 {[%emt 0:00:22]} 29. Re7 {[%emt 0:01:44]}
Qa4 {[%emt 0:02:03]} 30. b3 {[%emt 0:02:08]} Qd4 {[%emt 0:00:02]} 31. Qxd4 {
[%emt 0:00:39]} Rxd4 {[%emt 0:00:06]} 32. Re8+ {[%emt 0:00:04]} Rxe8 {[%emt 0:
00:14]} 33. Rxe8+ {[%emt 0:00:03]} Kg7 {[%emt 0:00:10]} 34. Re3 {[%emt 0:00:11]
} a5 {[%emt 0:01:04]} 35. Kf1 {[%emt 0:01:06]} f5 {[%emt 0:00:31]} 36. Ke2 {
[%emt 0:00:20]} Kf6 {[%emt 0:00:06]} 37. Kd2 {[%emt 0:00:56]} g5 {[%emt 0:01:
08]} 38. Kc3 {[%emt 0:01:39]} Rd7 {[%emt 0:00:56]} 39. d4 {[%emt 0:00:53]} f4 {
[%emt 0:00:23]} 40. gxf4 {[%emt 0:00:47]} gxf4 {[%emt 0:00:06]} 41. Re5 {
[%emt 0:01:34]} Rg7 {[%emt 0:00:09]} 42. Re2 {[%emt 0:03:39]} 1-0

[Event "2019 Welsh Chess Championship"]
[Site "Cardiff"]
[Date "2019.04.19"]
[Round "1.6"]
[White "Davis, Lee"]
[Black "Pleasants, Allan J"]
[Result "1/2-1/2"]
[WhiteElo "1922"]
[BlackElo "2075"]
[PlyCount "40"]
[EventDate "2019.04.19"]
[EventType "swiss"]
[EventRounds "7"]
[EventCountry "WLS"]

1. d4 {[%emt 0:00:02]} d6 {[%emt 0:00:18]} 2. Nf3 {[%emt 0:00:07]} g6 {[%emt 0:
00:19]} 3. g3 {[%emt 0:00:05]} Bg7 {[%emt 0:00:04]} 4. Bg2 {[%emt 0:00:06]} Nf6
{[%emt 0:00:21]} 5. O-O {[%emt 0:00:06]} O-O {[%emt 0:00:05]} 6. c4 {[%emt 0:
00:03]} Nc6 {[%emt 0:00:42]} 7. Nc3 {[%emt 0:00:05]} a6 {[%emt 0:00:41]} 8. h3
{[%emt 0:00:10]} Rb8 {[%emt 0:02:42]} 9. Be3 {[%emt 0:05:30]} b5 {[%emt 0:13:
54]} 10. Nd2 {[%emt 0:03:13]} Na5 {[%emt 0:03:48]} 11. cxb5 {[%emt 0:05:24]}
axb5 {[%emt 0:00:19]} 12. b3 {[%emt 0:00:33]} b4 {[%emt 0:04:19]} 13. Na4 {
[%emt 0:01:22]} Bb7 {[%emt 0:07:01]} 14. Nf3 {[%emt 0:06:10]} Qd7 {[%emt 0:04:
40]} 15. Rc1 {[%emt 0:00:21]} Bc6 {[%emt 0:08:45]} 16. Nb2 {[%emt 0:09:04]} Nd5
{[%emt 0:07:33]} 17. Bd2 {[%emt 0:00:46]} Ba8 {[%emt 0:08:26]} 18. Nc4 {
[%emt 0:07:51]} Nxc4 {[%emt 0:06:09]} 19. Rxc4 {[%emt 0:01:33]} f5 {[%emt 0:01:
35]} 20. e3 {[%emt 0:07:15]} Rb5 {[%emt 0:09:03]} 1/2-1/2

[Event "2019 Welsh Chess Championship"]
[Site "Cardiff"]
[Date "2019.04.19"]
[Round "1.7"]
[White "Garcia, Jason"]
[Black "Jukes, Sam"]
[Result "1-0"]
[WhiteElo "2024"]
[BlackElo "1892"]
[PlyCount "65"]
[EventDate "2019.04.19"]
[EventType "swiss"]
[EventRounds "7"]
[EventCountry "WLS"]

1. e4 e5 {[%emt 0:00:05]} 2. Nf3 {[%emt 0:00:03]} Nc6 {[%emt 0:00:06]} 3. d4 {
[%emt 0:00:05]} exd4 {[%emt 0:00:12]} 4. Nxd4 {[%emt 0:00:07]} Nf6 {[%emt 0:00:
21]} 5. Nc3 {[%emt 0:00:15]} Bb4 {[%emt 0:00:24]} 6. Nxc6 {[%emt 0:00:10]} bxc6
{[%emt 0:00:05]} 7. Bd3 {[%emt 0:00:04]} d5 {[%emt 0:00:58]} 8. exd5 {[%emt 0:
00:08]} cxd5 {[%emt 0:00:12]} 9. O-O {[%emt 0:00:08]} O-O {[%emt 0:00:36]} 10.
h3 {[%emt 0:00:18]} c6 {[%emt 0:04:28]} 11. Qf3 {[%emt 0:00:15]} Bd6 {[%emt 0:
03:29]} 12. Bf4 {[%emt 0:03:13]} Rb8 {[%emt 0:06:13]} 13. b3 {[%emt 0:01:15]}
a5 {[%emt 0:08:44]} 14. Rfd1 {[%emt 0:12:19]} Bxf4 {[%emt 0:07:39]} 15. Qxf4 {
[%emt 0:00:02]} Rb4 {[%emt 0:00:52]} 16. Qh2 {[%emt 0:07:05]} Nd7 {[%emt 0:07:
47]} 17. Ne2 {[%emt 0:11:52]} Qf6 {[%emt 0:06:31]} 18. f4 {[%emt 0:12:36]} Nc5
{[%emt 0:11:58]} 19. c3 {[%emt 0:01:09]} Nxd3 {[%emt 0:07:55]} 20. cxb4 {
[%emt 0:06:35]} Re8 {[%emt 0:01:25]} 21. Qg3 {[%emt 0:03:07]} Ba6 {[%emt 0:02:
38]} 22. Qf3 {[%emt 0:09:38]} Nxb4 {[%emt 0:14:14]} 23. Ng3 {[%emt 0:03:43]} h6
{[%emt 0:02:02]} 24. Re1 {[%emt 0:05:32]} Qd4+ {[%emt 0:01:20]} 25. Kh2 {
[%emt 0:01:12]} Rxe1 26. Rxe1 Nxa2 {[%emt 0:00:52]} 27. Re8+ {[%emt 0:03:10]}
Kh7 {[%emt 0:00:05]} 28. Qg4 {[%emt 0:02:47]} Bd3 {[%emt 0:02:46]} 29. Qc8 {
[%emt 0:01:32]} Qxf4 {[%emt 0:07:02]} 30. Rh8+ {[%emt 0:00:27]} Kg6 {[%emt 0:
00:05]} 31. Qxc6+ {[%emt 0:00:13]} Qf6 {[%emt 0:01:32]} 32. Qxd5 {[%emt 0:00:
32]} Bf5 {[%emt 0:00:40]} 33. Qxa5 {[%emt 0:02:09]} 1-0

[Event "2019 Welsh Chess Championship"]
[Site "Cardiff"]
[Date "2019.04.19"]
[Round "1.8"]
[White "Rathbone-Jones, Ifan"]
[Black "Young, Alan"]
[Result "1/2-1/2"]
[WhiteElo "1854"]
[BlackElo "2021"]
[PlyCount "90"]
[EventDate "2019.04.19"]
[EventType "swiss"]
[EventRounds "7"]
[EventCountry "WLS"]

1. d4 {[%emt 0:00:02]} d5 {[%emt 0:00:13]} 2. c4 {[%emt 0:00:06]} e6 {[%emt 0:
00:16]} 3. Nc3 {[%emt 0:00:11]} Bb4 {[%emt 0:00:30]} 4. Bf4 {[%emt 0:01:29]}
Nf6 {[%emt 0:01:28]} 5. e3 {[%emt 0:02:38]} O-O {[%emt 0:05:48]} 6. Qc2 {
[%emt 0:06:20]} b6 {[%emt 0:07:09]} 7. cxd5 {[%emt 0:06:23]} exd5 {[%emt 0:02:
32]} 8. a3 {[%emt 0:08:40]} Bxc3+ {[%emt 0:15:35]} 9. Qxc3 {[%emt 0:04:42]} c5
{[%emt 0:01:40]} 10. Nf3 {[%emt 0:02:42]} Ne4 {[%emt 0:02:48]} 11. Qc1 {
[%emt 0:05:30]} c4 {[%emt 0:05:18]} 12. Be2 {[%emt 0:03:21]} b5 {[%emt 0:05:11]
} 13. O-O {[%emt 0:03:53]} Nc6 {[%emt 0:06:59]} 14. Nd2 {[%emt 0:04:40]} Bf5 {
[%emt 0:08:20]} 15. Nxe4 {[%emt 0:06:16]} Bxe4 {[%emt 0:02:24]} 16. f3 {
[%emt 0:11:25]} Bg6 {[%emt 0:00:21]} 17. Bd1 {[%emt 0:02:56]} Qd7 {[%emt 0:03:
22]} 18. Bc2 {[%emt 0:02:38]} Bxc2 {[%emt 0:01:56]} 19. Qxc2 {[%emt 0:00:06]}
a5 {[%emt 0:00:33]} 20. b3 {[%emt 0:02:10]} Ra7 {[%emt 0:12:00]} 21. Bg3 {
[%emt 0:06:03]} Re8 {[%emt 0:01:43]} 22. Bf2 {[%emt 0:00:34]} Rb7 {[%emt 0:01:
21]} 23. Rfb1 {[%emt 0:01:54]} Rc8 {[%emt 0:03:31]} 24. Be1 {[%emt 0:02:25]}
Qe6 {[%emt 0:03:22]} 25. bxc4 {[%emt 0:02:38]} dxc4 {[%emt 0:01:30]} 26. Qd2 {
[%emt 0:01:49]} Qd5 {[%emt 0:01:34]} 27. Bf2 {[%emt 0:00:07]} b4 {[%emt 0:01:
24]} 28. e4 {[%emt 0:00:17]} Qd6 {[%emt 0:01:16]} 29. d5 {[%emt 0:01:24]} c3 {
[%emt 0:00:25]} 30. Qc2 {[%emt 0:00:44]} Ne5 {[%emt 0:00:46]} 31. axb4 {
[%emt 0:05:37]} axb4 {[%emt 0:00:46]} 32. Ra4 {[%emt 0:01:04]} b3 {[%emt 0:00:
43]} 33. Rxb3 {[%emt 0:01:13]} Rxb3 {[%emt 0:00:06]} 34. Qxb3 c2 {[%emt 0:00:
03]} 35. Be3 c1=Q+ 36. Bxc1 Rxc1+ {[%emt 0:00:05]} 37. Kf2 h6 {[%emt 0:01:59]}
38. Ra2 {[%emt 0:02:23]} Qc5+ {[%emt 0:01:14]} 39. Kg3 {[%emt 0:00:39]} Ng6 {
[%emt 0:00:34]} 40. Ra8+ {[%emt 0:00:36]} Kh7 {[%emt 0:00:21]} 41. Qb8 {
[%emt 0:00:47]} Qc7+ {[%emt 0:10:48]} 42. d6 {[%emt 0:01:47]} Qxb8 {[%emt 0:00:
08]} 43. Rxb8 Rd1 {[%emt 0:00:20]} 44. Rd8 {[%emt 0:01:39]} h5 {[%emt 0:06:17]}
45. Kf2 {[%emt 0:03:08]} Ne5 {[%emt 0:05:11]} 1/2-1/2

[Event "2019 Welsh Chess Championship"]
[Site "Cardiff"]
[Date "2019.04.19"]
[Round "1.9"]
[White "Heaven, Pete"]
[Black "Turner, Joseph David"]
[Result "1/2-1/2"]
[WhiteElo "2017"]
[BlackElo "1846"]
[PlyCount "81"]
[EventDate "2019.04.19"]
[EventType "swiss"]
[EventRounds "7"]
[EventCountry "WLS"]

1. e4 {[%emt 0:00:04]} e5 {[%emt 0:00:04]} 2. Nf3 {[%emt 0:00:08]} f5 {[%emt 0:
00:05]} 3. Nxe5 {[%emt 0:00:15]} Nf6 {[%emt 0:00:06]} 4. d4 {[%emt 0:02:20]} d6
{[%emt 0:10:00]} 5. Nc4 {[%emt 0:01:52]} fxe4 {[%emt 0:00:33]} 6. Bg5 {[%emt 0:
03:49]} Bf5 {[%emt 0:32:11]} 7. Ne3 {[%emt 0:05:18]} Bg6 {[%emt 0:00:36]} 8.
Nc3 {[%emt 0:03:29]} Be7 {[%emt 0:10:17]} 9. h4 {[%emt 0:18:11]} Nbd7 {[%emt 0:
07:36]} 10. h5 {[%emt 0:03:55]} Bf7 {[%emt 0:00:47]} 11. Nf5 {[%emt 0:05:52]}
O-O {[%emt 0:04:34]} 12. Qd2 {[%emt 0:05:33]} Be6 {[%emt 0:11:45]} 13. Nxe7+ {
[%emt 0:05:41]} Qxe7 {[%emt 0:00:14]} 14. O-O-O {[%emt 0:02:44]} Qf7 {[%emt 0:
06:19]} 15. d5 {[%emt 0:04:34]} Bg4 {[%emt 0:03:03]} 16. Be2 {[%emt 0:00:05]}
Bxh5 {[%emt 0:06:27]} 17. Bxh5 {[%emt 0:01:03]} Nxh5 {[%emt 0:00:06]} 18. Nxe4
{[%emt 0:00:16]} Rfe8 {[%emt 0:02:28]} 19. f3 {[%emt 0:04:17]} Nhf6 {[%emt 0:
01:21]} 20. Bxf6 {[%emt 0:01:06]} Nxf6 {[%emt 0:00:22]} 21. Ng5 {[%emt 0:00:06]
} Qg6 {[%emt 0:00:34]} 22. Rhe1 {[%emt 0:03:15]} Rxe1 {[%emt 0:01:07]} 23. Rxe1
{[%emt 0:00:04]} Re8 {[%emt 0:00:20]} 24. Rxe8+ {[%emt 0:00:50]} Qxe8 {[%emt 0:
00:19]} 25. Ne6 {[%emt 0:00:07]} Qd7 {[%emt 0:00:31]} 26. g4 {[%emt 0:00:29]}
c6 {[%emt 0:00:18]} 27. Nf4 {[%emt 0:03:06]} g5 {[%emt 0:00:34]} 28. dxc6 {
[%emt 0:04:50]} bxc6 {[%emt 0:00:10]} 29. Ne2 {[%emt 0:00:33]} h6 {[%emt 0:00:
33]} 30. Nd4 {[%emt 0:00:14]} Nd5 {[%emt 0:00:57]} 31. Nf5 {[%emt 0:00:32]} Qe6
{[%emt 0:00:41]} 32. c4 {[%emt 0:03:49]} Nb6 {[%emt 0:00:35]} 33. b3 {[%emt 0:
00:33]} d5 {[%emt 0:00:35]} 34. Qc3 {[%emt 0:01:03]} Kf8 {[%emt 0:00:41]} 35.
c5 {[%emt 0:02:44]} Nd7 {[%emt 0:00:38]} 36. Qh8+ {[%emt 0:00:10]} Kf7 {
[%emt 0:00:03]} 37. Qg7+ {[%emt 0:07:27]} Ke8 {[%emt 0:00:11]} 38. Nd6+ {
[%emt 0:00:06]} Kd8 {[%emt 0:00:18]} 39. Qh8+ {[%emt 0:00:04]} Ke7 {[%emt 0:00:
27]} 40. Nf5+ {[%emt 0:04:46]} Kf7 {[%emt 0:00:06]} 41. Qg7+ {[%emt 0:02:40]}
1/2-1/2

[Event "2019 Welsh Chess Championship"]
[Site "Cardiff"]
[Date "2019.04.19"]
[Round "2.1"]
[White "Brown, Thomas"]
[Black "Kett, Tim"]
[Result "0-1"]
[WhiteElo "2079"]
[BlackElo "2197"]
[PlyCount "56"]
[EventDate "2019.04.19"]
[EventType "swiss"]
[EventRounds "7"]
[EventCountry "WLS"]

1. Nf3 {[%emt 0:00:01]} g6 {[%emt 0:05:11]} 2. d4 {[%emt 0:02:57]} Bg7 {
[%emt 0:00:15]} 3. g3 {[%emt 0:01:24]} f5 {[%emt 0:00:41]} 4. Bg2 {[%emt 0:00:
13]} Nf6 {[%emt 0:00:06]} 5. O-O {[%emt 0:03:13]} O-O {[%emt 0:00:14]} 6. Nbd2
{[%emt 0:00:26]} d6 {[%emt 0:09:13]} 7. Re1 {[%emt 0:01:16]} Nc6 {[%emt 0:01:
52]} 8. e4 {[%emt 0:02:04]} fxe4 {[%emt 0:00:49]} 9. Nxe4 {[%emt 0:00:07]} Nxe4
{[%emt 0:01:12]} 10. Rxe4 {[%emt 0:00:07]} Bf5 {[%emt 0:05:31]} 11. Re1 {
[%emt 0:00:23]} Qd7 {[%emt 0:05:50]} 12. c3 {[%emt 0:02:49]} Bg4 {[%emt 0:13:
19]} 13. h3 {[%emt 0:08:03]} Bxh3 {[%emt 0:05:43]} 14. Qb3+ {[%emt 0:09:48]}
Kh8 {[%emt 0:00:11]} 15. Bxh3 {[%emt 0:03:33]} Qxh3 {[%emt 0:00:22]} 16. Qxb7 {
[%emt 0:02:17]} Qd7 {[%emt 0:03:23]} 17. Kg2 {[%emt 0:08:06]} Rab8 {[%emt 0:03:
29]} 18. Qa6 {[%emt 0:00:12]} e5 {[%emt 0:07:12]} 19. dxe5 {[%emt 0:07:06]}
Nxe5 {[%emt 0:01:17]} 20. Nxe5 {[%emt 0:00:42]} Bxe5 {[%emt 0:00:13]} 21. Bh6 {
[%emt 0:09:34]} Rf5 {[%emt 0:10:59]} 22. g4 {[%emt 0:13:57]} Rf7 {[%emt 0:02:
30]} 23. Qe2 {[%emt 0:01:26]} Rxb2 {[%emt 0:02:48]} 24. Rab1 {[%emt 0:07:05]}
Qc6+ {[%emt 0:11:28]} 25. Kh3 {[%emt 0:04:55]} Rf3+ {[%emt 0:01:20]} 26. Kh4 {
[%emt 0:00:05]} g5+ {[%emt 0:00:31]} 27. Kxg5 {[%emt 0:00:15]} Bf6+ {[%emt 0:
00:12]} 28. Kh5 {[%emt 0:00:03]} Rh3# {[%emt 0:00:07]} 0-1